The hidden servants : and other very old stories /

Bibliographic Details
Main Author: Alexander, Francesca, 1837-1917
Format: Book
Language:English
Published: London : D. Nutt, 1907

MARC

Tag First Indicator Second Indicator Subfields
LEADER 00000cam a2200000 i 4500
001 in00000136282
005 20151005090100.0
008 800126c19071900enkaf 00011 eng d
010 |a  00004652  
035 |a (OCoLC)05916211 
035 |9 AAR6193AM 
040 |a TXA  |c TXA  |d UtOrBLW 
049 |a TXAM  |c [957071] 
090 |a PS1029.A17  |b H5 1907 
100 1 |a Alexander, Francesca,  |d 1837-1917. 
245 1 4 |a The hidden servants :  |b and other very old stories /  |c told over again by Francesca Alexander. 
264 1 |a London :  |b D. Nutt,  |c 1907 
264 4 |c ©1900 
300 |a xvii, 233 pages, 1 unnumbered leaf of plates :  |b illustrations 
336 |a text  |b txt  |2 rdacontent 
337 |a unmediated  |b n  |2 rdamedia 
338 |a volume  |b nc  |2 rdacarrier 
500 |a In verse. 
505 0 |a The hidden servants.--The bag of gold.--Il crocifisso della Providenza.--Angels in the churchyard.--The origin of the Indian corn.--The eldest daughter of the king.--Bishop Troilus.--The crosses on the wall.--Suora Marianna.--The lupins.--The silver cross.--The tears of repentance. 
999 |a MARS 
999 f f |s 7864a4ea-522b-3218-87a6-1f564ccc4101  |i 0615e134-9aed-3b92-9222-4e212cf5a2c5  |t 0 
952 f f |p ric  |a Texas A&M University  |b Rellis Campus  |c Joint Library Facility  |d Remote Storage  |t 0  |e PS1029.A17 H5 1907  |h Library of Congress classification  |i unmediated -- volume  |m A14804045368 
998 f f |a PS1029.A17 H5 1907  |t 0  |l Remote Storage